[Event "NM i sjakk for synshemmede (A)"]
[Site "Hurdal Syn og Mestringssenter"]
[Date "2026.04.30"]
[Round "1"]
[White "Andreassen, Petter"]
[Black "Norum, Per Ivar"]
[Result "1-0"]
[WhiteElo "1954"]
[BlackElo "1824"]
[PlyCount "95"]
[EventDate "2026.??.??"]

1. d4 d5 2. c4 dxc4 3. Nf3 Nf6 4. e3 a6 5. Bxc4 e6 6. O-O b5 7. Be2 c5 8. dxc5
Qxd1 9. Rxd1 Bxc5 10. a4 b4 11. Nbd2 O-O 12. Nb3 Be7 13. Bd2 Nc6 14. Rac1 Bb7
15. Nc5 Bxc5 16. Rxc5 Rfd8 17. Rc4 a5 18. Rdc1 Rac8 19. Kf1 Kf8 20. Ke1 Nd5 21.
Rc5 Nde7 22. e4 Ra8 23. Bf4 f6 24. Bb5 Rdc8 25. Bd6 Kf7 26. Bxe7 Nxe7 27. Nd2
Rxc5 28. Rxc5 g6 29. Nc4 Rd8 30. f3 f5 31. Nxa5 Ba8 32. exf5 gxf5 33. Rc7 Rg8
34. Bc6 Kf6 35. Bxa8 Rxa8 36. Rc5 h5 37. b3 h4 38. Nc4 Rg8 39. Kf2 Nd5 40. Rb5
f4 41. Rb7 h3 42. gxh3 Rh8 43. a5 Rxh3 44. Kg2 Rh8 45. a6 Rg8+ 46. Kf2 Rh8 47.
Kg2 Ra8 48. a7 1-0

[Event "NM i sjakk for synshemmede (A)"]
[Site "Hurdal Syn og Mestringssenter"]
[Date "2026.04.30"]
[Round "1"]
[White "Fuglerud, Sverre"]
[Black "Strand, Magnus"]
[Result "1-0"]
[WhiteElo "1816"]
[BlackElo "1741"]
[PlyCount "45"]
[EventDate "2026.??.??"]

1. c4 e6 2. d4 Bb4+ 3. Bd2 Bxd2+ 4. Nxd2 d6 5. g3 Nf6 6. Bg2 O-O 7. e3 c6 8.
Ne2 Re8 9. O-O Nbd7 10. b4 c5 11. Rb1 Rb8 12. bxc5 dxc5 13. Qa4 a6 14. Rfd1 Qc7
15. Qb3 b5 16. cxb5 axb5 17. dxc5 Qxc5 18. Rdc1 Qb6 19. Nd4 Qd6 20. Qb4 Qxb4
21. Rxb4 Ba6 22. Rcb1 Ra8 23. Bxa8 1-0

[Event "NM i sjakk for synshemmede (A)"]
[Site "Hurdal Syn og Mestringssenter"]
[Date "2026.04.30"]
[Round "1"]
[White "Vik, Olav"]
[Black "Paulsen, Dag"]
[Result "1/2-1/2"]
[WhiteElo "1642"]
[BlackElo "1722"]
[PlyCount "64"]
[EventDate "2026.??.??"]

1. e4 c5 2. Nf3 e6 3. d4 cxd4 4. Nxd4 Nf6 5. Nc3 Nc6 6. Be2 Be7 7. O-O O-O 8.
Be3 a6 9. Qd2 b5 10. Nxc6 dxc6 11. Qxd8 Rxd8 12. a3 Bb7 13. f3 e5 14. b4 h6 15.
Rfd1 Rd7 16. Rxd7 Nxd7 17. Rd1 Rd8 18. Na2 Nf8 19. Rxd8 Bxd8 20. c4 Ne6 21.
cxb5 axb5 22. Bd1 Be7 23. a4 Nd4 24. axb5 Nxb5 25. Bc5 Kf8 26. Kf2 g5 27. g4
Bc8 28. Ba4 Ba6 29. Bxb5 Bxb5 30. Nc3 Ke8 31. Bxe7 Kxe7 32. Nxb5 cxb5 1/2-1/2

[Event "NM i sjakk for synshemmede (B)"]
[Site "Hurdal Syn og Mestringssenter"]
[Date "2026.04.30"]
[Round "1"]
[White "Prytz, Tormod"]
[Black "Bolme, Magne O."]
[Result "1-0"]
[WhiteElo "1567"]
[BlackElo "1431"]
[PlyCount "57"]
[EventDate "2026.??.??"]

1. e4 e6 2. d4 d5 3. e5 c5 4. c3 a6 5. Nf3 Nc6 6. Be3 Nge7 7. Bd3 cxd4 8. cxd4
g6 9. a3 Bg7 10. O-O O-O 11. Nc3 Nf5 12. Bxf5 exf5 13. Ne2 f6 14. exf6 Bxf6 15.
Qd2 Qc7 16. Rac1 Bd7 17. Bf4 Qd8 18. Bg5 Kg7 19. Bh6+ Kh8 20. Bxf8 Qxf8 21.
Rfe1 Re8 22. Nc3 Be6 23. Qf4 Nd8 24. Ng5 Qg7 25. Nxe6 Nxe6 26. Qf3 Bxd4 27.
Qxd5 Re7 28. Rxe6 Rxe6 29. Qxe6 1-0

[Event "NM i sjakk for synshemmede (B)"]
[Site "Hurdal Syn og Mestringssenter"]
[Date "2026.04.30"]
[Round "1"]
[White "Viken, Ivar"]
[Black "Søvik, Christer Sogn"]
[Result "0-1"]
[WhiteElo "1531"]
[BlackElo "1431"]
[PlyCount "48"]
[EventDate "2026.??.??"]

1. e4 c5 2. Nf3 d6 3. d4 cxd4 4. Nxd4 Nf6 5. Nc3 a6 6. Bd3 g6 7. O-O Bg7 8. Be3
O-O 9. f4 b5 10. a3 Bb7 11. e5 dxe5 12. fxe5 Nfd7 13. e6 fxe6 14. Nxe6 Rxf1+
15. Qxf1 Qe8 16. Nc7 Qc8 17. Nxa8 Bxa8 18. Qf2 Nf6 19. Rf1 Ng4 20. Qf7+ Kh8 21.
Qxe7 Nxe3 22. Qxe3 Qd7 23. Be4 Bd4 24. Rf8+ Kg7 0-1

[Event "NM i sjakk for synshemmede (B)"]
[Site "Hurdal Syn og Mestringssenter"]
[Date "2026.04.30"]
[Round "1"]
[White "Øyan, Oddvar"]
[Black "Larssen, Johan"]
[Result "1/2-1/2"]
[WhiteElo "1599"]
[BlackElo "1584"]
[PlyCount "56"]
[EventDate "2026.??.??"]

1. d4 g6 2. c4 Bg7 3. Nc3 d6 4. Nf3 Nd7 5. e3 e5 6. dxe5 dxe5 7. Be2 Ne7 8. O-O
O-O 9. Re1 c5 10. b3 b6 11. Bb2 a6 12. Qc2 Bb7 13. Rad1 Qc7 14. Rd2 Rad8 15.
Red1 Nf6 16. Rxd8 Rxd8 17. Rxd8+ Qxd8 18. Nxe5 Qd6 19. Nf3 Ne4 20. Nxe4 Bxe4
21. Qc1 Bd3 22. Bxd3 Bxb2 23. Qc2 Qf6 24. h3 Nc6 25. Be4 Nb4 26. Qb1 Qc3 27.
Qe1 Qxe1+ 28. Nxe1 Nxa2 1/2-1/2

[Event "NM i sjakk for synshemmede (C)"]
[Site "Hurdal Syn og Mestringssenter"]
[Date "2026.04.30"]
[Round "1"]
[White "Hansen, Camilla"]
[Black "Sandell, John"]
[Result "1-0"]
[WhiteElo "1418"]
[BlackElo "1490"]
[PlyCount "71"]
[EventDate "2026.??.??"]

1. e4 e5 2. Nf3 Nc6 3. Bc4 Nf6 4. d3 Bb4+ 5. Bd2 Bxd2+ 6. Nbxd2 O-O 7. O-O d5
8. Bb3 dxe4 9. dxe4 h6 10. h3 Be6 11. Bxe6 fxe6 12. Re1 Nd4 13. Nxe5 Qd6 14.
Ndc4 Qb4 15. b3 Rfe8 16. Qxd4 Rad8 17. Qe3 Rd7 18. Nxd7 Nxd7 19. Rad1 Nb6 20.
Nxb6 axb6 21. Qd2 Qf8 22. f3 Rd8 23. Qe2 Re8 24. Rd7 Re7 25. Rxe7 Qxe7 26. Rd1
e5 27. Qd2 Qc5+ 28. Kh2 Qe7 29. Qd8+ Qf8 30. Qxf8+ Kxf8 31. Rd7 Kg8 32. Rxc7
Kh7 33. Rxb7 b5 34. Rxb5 Kg6 35. a4 Kh7 36. a5 1-0

[Event "NM i sjakk for synshemmede (C)"]
[Site "Hurdal Syn og Mestringssenter"]
[Date "2026.04.30"]
[Round "1"]
[White "Høyem, Erik August Arnet"]
[Black "Jensen, Geir Evan Boye"]
[Result "1/2-1/2"]
[WhiteElo "1450"]
[BlackElo "1603"]
[PlyCount "75"]
[EventDate "2026.??.??"]

1. e4 e5 2. Nf3 Nc6 3. Bb5 Bc5 4. c3 d6 5. Bxc6+ Bd7 6. Bxd7+ Qxd7 7. d4 exd4
8. cxd4 Bb6 9. O-O O-O-O 10. Qb3 Nf6 11. Ng5 Rhf8 12. a4 h6 13. a5 Bxd4 14. Nf3
Bc5 15. e5 Ne8 16. Be3 Bxe3 17. Qxe3 Kb8 18. a6 b6 19. exd6 Nxd6 20. Ne5 Qe8
21. Qe4 Nxe4 22. f3 Qxe5 23. fxe4 Qxb2 24. Na3 Qd4+ 25. Kh1 Qxe4 26. Rfe1 Qa8
27. Rac1 Rd2 28. Rg1 Re8 29. Nc4 Ra2 30. Ra1 Ree2 31. Rxa2 Rxa2 32. Ne5 Qd5 33.
Nf3 Rf2 34. Re1 Qd8 35. Ne5 Rc2 36. Nxf7 Qd7 37. Ne5 Qd8 38. Nf7 1/2-1/2

[Event "NM i sjakk for synshemmede (A)"]
[Site "Hurdal Syn og Mestringssenter"]
[Date "2026.04.30"]
[Round "2"]
[White "Paulsen, Dag"]
[Black "Norum, Per Ivar"]
[Result "1-0"]
[WhiteElo "1722"]
[BlackElo "1824"]
[PlyCount "82"]
[EventDate "2026.??.??"]

1. Nf3 c5 2. g3 d5 3. Bg2 Nc6 4. O-O e5 5. d3 Nf6 6. c4 Be7 7. Nbd2 O-O 8. a3
Bg4 9. h3 Bf5 10. e4 dxe4 11. Nh4 Be6 12. Nxe4 Nxe4 13. Bxe4 Bxh3 14. Qh5 g6
15. Nxg6 fxg6 16. Qxh3 Nd4 17. Bd5+ Kh8 18. Kg2 Bg5 19. Rh1 h5 20. Be4 Kg7 21.
Bxg6 Rh8 22. Bxh5 Qf6 23. Qg4 Ne6 24. Bxg5 Qxg5 25. Qxg5+ Nxg5 26. Bf3 Rhf8 27.
Be4 Rf6 28. Rh5 Nxe4 29. dxe4 Raf8 30. Rf1 Rf3 31. Rxe5 b6 32. Re7+ Kg6 33.
Rxa7 Rb3 34. Rd7 Rxb2 35. Rd6+ Kg7 36. e5 Rf5 37. e6 Kf8 38. Rd5 Rf6 39. Re5
Ke7 40. g4 Rf4 41. Kg3 Rxc4 1-0

[Event "NM i sjakk for synshemmede (A)"]
[Site "Hurdal Syn og Mestringssenter"]
[Date "2026.04.30"]
[Round "2"]
[White "Strand, Magnus"]
[Black "Andreassen, Petter"]
[Result "0-1"]
[WhiteElo "1741"]
[BlackElo "1954"]
[PlyCount "84"]
[EventDate "2026.??.??"]

1. e4 c6 2. Nf3 d5 3. d3 Qc7 4. c3 Bg4 5. Be2 e6 6. Be3 Nf6 7. Nbd2 Be7 8. h3
Bxf3 9. Bxf3 O-O 10. d4 a5 11. a4 Rd8 12. e5 Nfd7 13. O-O c5 14. Re1 Nc6 15.
Nf1 Qb6 16. Re2 Rdc8 17. Nh2 Rc7 18. Qd3 cxd4 19. cxd4 Nb4 20. Qd1 Rac8 21. Re1
Nc2 22. Be2 Nxe1 23. Qxe1 Rc2 24. Bb5 Qc7 25. Rb1 Bb4 26. Qd1 Qd8 27. Nf3 Nb6
28. b3 Qc7 29. Ne1 Bxe1 30. Qxe1 Qc3 31. Qxc3 R8xc3 32. g4 Nc8 33. Kf1 Na7 34.
Be2 Nc6 35. Ke1 Nb4 36. h4 Ra2 37. g5 Nc2+ 38. Kd2 Rc8 39. Kd1 Nxe3+ 40. fxe3
Rcc2 41. Bg4 Rg2 42. Bf3 Rg1# 0-1

[Event "NM i sjakk for synshemmede (B)"]
[Site "Hurdal Syn og Mestringssenter"]
[Date "2026.04.30"]
[Round "2"]
[White "Bolme, Magne O."]
[Black "Søvik, Christer Sogn"]
[Result "1/2-1/2"]
[WhiteElo "1431"]
[BlackElo "1431"]
[PlyCount "50"]
[EventDate "2026.??.??"]

1. f4 d5 2. d4 e6 3. Nf3 Nf6 4. e3 c5 5. c3 Nc6 6. Bb5 Bd7 7. O-O a6 8. Bxc6
Bxc6 9. Ne5 cxd4 10. Nxc6 bxc6 11. cxd4 Bd6 12. Nc3 O-O 13. g3 c5 14. a4 cxd4
15. exd4 Rb8 16. Qc2 Qb6 17. Ne2 Rfc8 18. Qd3 Ne4 19. f5 e5 20. Kg2 h6 21. h4
exd4 22. Nf4 Bxf4 23. Bxf4 Qxb2+ 24. Kh3 Rb3 25. Qb1 Qxb1 1/2-1/2

[Event "NM i sjakk for synshemmede (B)"]
[Site "Hurdal Syn og Mestringssenter"]
[Date "2026.04.30"]
[Round "2"]
[White "Larssen, Johan"]
[Black "Viken, Ivar"]
[Result "1-0"]
[WhiteElo "1584"]
[BlackElo "1531"]
[PlyCount "55"]
[EventDate "2026.??.??"]

1. d4 d5 2. c4 c6 3. Nc3 Nf6 4. Bg5 e6 5. e3 Be7 6. Bd3 O-O 7. Qc2 Nbd7 8. Nge2
h6 9. Bh4 dxc4 10. Bxc4 Nd5 11. Nxd5 exd5 12. Bd3 Nf6 13. O-O-O Be6 14. f3 Rc8
15. Kb1 a6 16. e4 dxe4 17. fxe4 Qa5 18. Bc4 Bxc4 19. Qxc4 b5 20. Qc2 c5 21. d5
c4 22. d6 Bd8 23. Nd4 Qb6 24. Nf5 b4 25. d7 Nxd7 26. Rxd7 b3 27. Qc3 bxa2+ 28.
Ka1 {Dc6 Dxg7#} 1-0

[Event "NM i sjakk for synshemmede (B)"]
[Site "Hurdal Syn og Mestringssenter"]
[Date "2026.04.30"]
[Round "2"]
[White "Prytz, Tormod"]
[Black "Øyan, Oddvar"]
[Result "1/2-1/2"]
[WhiteElo "1567"]
[BlackElo "1599"]
[PlyCount "82"]
[EventDate "2026.??.??"]

1. e4 e5 2. Nf3 Nc6 3. Bc4 h6 4. c3 Nf6 5. d3 Bc5 6. O-O O-O 7. Re1 Re8 8. Nbd2
a6 9. a3 b5 10. Ba2 Bb7 11. Nb3 Ba7 12. Be3 d5 13. Bxa7 Rxa7 14. Nc5 dxe4 15.
dxe4 Qxd1 16. Raxd1 Bc8 17. h3 Ra8 18. Bb1 Nd7 19. Nxd7 Bxd7 20. Rxd7 Rac8 21.
Red1 Nb8 22. R7d5 f6 23. Ne1 c6 24. R5d2 Kf7 25. f3 c5 26. b3 Nc6 27. g3 g5 28.
Ng2 a5 29. Ne3 b4 30. cxb4 cxb4 31. a4 Nd4 32. Ba2 Nxf3+ 33. Kf2 Nxd2 34. Rxd2
Red8 35. Rxd8 Rxd8 36. Ke2 Rd4 37. Bb1 Ke6 38. Nf5 Rd8 39. Ne3 Rc8 40. Nc4 Rc5
41. Bc2 h5 1/2-1/2

[Event "NM i sjakk for synshemmede (C)"]
[Site "Hurdal Syn og Mestringssenter"]
[Date "2026.04.30"]
[Round "2"]
[White "Jensen, Geir Evan Boye"]
[Black "Prytz, Otto"]
[Result "1/2-1/2"]
[WhiteElo "1603"]
[BlackElo "1489"]
[PlyCount "38"]
[EventDate "2026.??.??"]

1. e4 c5 2. Bc4 e6 3. d3 Nc6 4. Be3 a6 5. a3 b5 6. Ba2 Nf6 7. Nf3 Be7 8. Bg5
O-O 9. O-O c4 10. Bxf6 Bxf6 11. c3 Bb7 12. d4 Ne7 13. e5 Bxf3 14. Qxf3 Bg5 15.
Qe2 Nd5 16. Nd2 Nf4 17. Qd1 Rc8 18. Nf3 Nd3 19. Qe2 Nf4 1/2-1/2

[Event "NM i sjakk for synshemmede (C)"]
[Site "Hurdal Syn og Mestringssenter"]
[Date "2026.04.30"]
[Round "2"]
[White "Sandell, John"]
[Black "Høyem, Erik August Arnet"]
[Result "0-1"]
[WhiteElo "1490"]
[BlackElo "1450"]
[PlyCount "66"]
[EventDate "2026.??.??"]

1. e4 e5 2. Nc3 Nc6 3. Nf3 Bc5 4. a3 Bd6 5. Bb5 Nge7 6. d4 a6 7. Ba4 b5 8. Bb3
O-O 9. dxe5 Nxe5 10. Nxe5 Bxe5 11. O-O Bb7 12. Bd5 c6 13. Bg5 cxd5 14. exd5 f6
15. d6 Nc8 16. Be3 Bxd6 17. Ne4 Bxe4 18. f3 Bb7 19. Re1 Qc7 20. g3 Re8 21. Bf4
Rxe1+ 22. Qxe1 Bxf4 23. gxf4 Qb6+ 24. Qf2 Bxf3 25. Qxb6 Nxb6 26. Kf2 Be4 27. c3
Nc4 28. Re1 Re8 29. Rd1 Bf5 30. Rd5 g6 31. b3 Nxa3 32. Kg3 Re3+ 33. Kh4 Rh3#
0-1

[Event "NM i sjakk for synshemmede (C)"]
[Site "Hurdal Syn og Mestringssenter"]
[Date "2026.04.30"]
[Round "2"]
[White "Øyan, Arild"]
[Black "Henriksen, Gunnar-Øyvind"]
[Result "0-1"]
[WhiteElo "1465"]
[BlackElo "1629"]
[PlyCount "50"]
[EventDate "2026.??.??"]

1. c4 e5 2. Nc3 Nf6 3. Nf3 Nc6 4. e3 d5 5. cxd5 Nxd5 6. Bb5 f6 7. O-O Be6 8. d4
Nxc3 9. bxc3 e4 10. Bxc6+ bxc6 11. Nd2 f5 12. f3 exf3 13. Qxf3 Qd7 14. Nb3 a5
15. Nc5 Bxc5 16. dxc5 O-O 17. Qg3 Bc4 18. Re1 Rae8 19. Bb2 Re4 20. Rad1 Qe7 21.
Rd4 Rxd4 22. cxd4 f4 23. Qf2 fxe3 24. Qxe3 Qxe3+ 25. Rxe3 Rf1# 0-1

[Event "NM i sjakk for synshemmede (A)"]
[Site "Hurdal Syn og Mestringssenter"]
[Date "2026.04.30"]
[Round "3"]
[White "Fuglerud, Sverre"]
[Black "Paulsen, Dag"]
[Result "0-1"]
[WhiteElo "1816"]
[BlackElo "1722"]
[PlyCount "42"]
[EventDate "2026.??.??"]

1. c4 Nf6 2. Nc3 g6 3. d4 Bg7 4. Bf4 d6 5. e3 O-O 6. Nf3 Nh5 7. Bg5 h6 8. Bh4
Nd7 9. Bd3 c5 10. O-O cxd4 11. exd4 Nf4 12. Bc2 g5 13. Bg3 e6 14. Bxf4 gxf4 15.
Qd2 e5 16. Nd5 f5 17. dxe5 dxe5 18. Rfe1 e4 19. Nd4 f3 20. gxf3 Bxd4 21. Qxh6
Bg7 0-1

[Event "NM i sjakk for synshemmede (A)"]
[Site "Hurdal Syn og Mestringssenter"]
[Date "2026.04.30"]
[Round "3"]
[White "Norum, Per Ivar"]
[Black "Strand, Magnus"]
[Result "0-1"]
[WhiteElo "1824"]
[BlackElo "1741"]
[PlyCount "74"]
[EventDate "2026.??.??"]

1. b3 c5 2. Bb2 d6 3. Nf3 Nc6 4. e3 Bg4 5. h3 Bh5 6. Bb5 a6 7. Bxc6+ bxc6 8. g4
Bg6 9. d3 e5 10. Nbd2 Ne7 11. Nc4 f6 12. Bc3 d5 13. Ba5 Qb8 14. Nb6 Qd8 15. Qd2
Rb8 16. Na4 Qd6 17. O-O-O Nc8 18. c4 Be7 19. h4 e4 20. h5 Bf7 21. Nh4 Be6 22.
Rhg1 exd3 23. cxd5 cxd5 24. Qxd3 O-O 25. Nf5 Bxf5 26. gxf5 Bd8 27. Bc3 Ne7 28.
Rg3 Rc8 29. h6 Rf7 30. Rdg1 c4 31. Rxg7+ Rxg7 32. Rxg7+ Kh8 33. bxc4 Qa3+ 34.
Nb2 Ba5 35. Rxe7 Bxc3 36. Qc2 Bxb2+ 37. Qxb2 Qxe7 0-1

[Event "NM i sjakk for synshemmede (B)"]
[Site "Hurdal Syn og Mestringssenter"]
[Date "2026.04.30"]
[Round "3"]
[White "Søvik, Christer Sogn"]
[Black "Larssen, Johan"]
[Result "1/2-1/2"]
[WhiteElo "1431"]
[BlackElo "1584"]
[PlyCount "34"]
[EventDate "2026.??.??"]

1. d4 g6 2. e4 Bg7 3. c3 c6 4. Bc4 d5 5. exd5 cxd5 6. Bb3 Nf6 7. Nf3 Bg4 8. O-O
O-O 9. h3 Bxf3 10. Qxf3 Nc6 11. Nd2 e5 12. dxe5 Nxe5 13. Qd1 Nd3 14. Nf3 Nxc1
15. Rxc1 Rc8 16. Re1 Rc5 17. Bc2 Re8 1/2-1/2

[Event "NM i sjakk for synshemmede (B)"]
[Site "Hurdal Syn og Mestringssenter"]
[Date "2026.04.30"]
[Round "3"]
[White "Viken, Ivar"]
[Black "Prytz, Tormod"]
[Result "1/2-1/2"]
[WhiteElo "1531"]
[BlackElo "1567"]
[PlyCount "57"]
[EventDate "2026.??.??"]

1. e4 e5 2. Nf3 Nc6 3. Bb5 a6 4. Bxc6 bxc6 5. O-O d6 6. h3 Nf6 7. d3 Be7 8. Be3
Bb7 9. Nbd2 c5 10. b3 O-O 11. c4 Re8 12. Nh2 Bf8 13. f4 c6 14. fxe5 dxe5 15.
Bg5 Qd6 16. Bxf6 gxf6 17. Qh5 Qxd3 18. Nhf3 Qe3+ 19. Kh1 Qh6 20. Qxh6 Bxh6 21.
Rad1 Rad8 22. Nb1 Bf8 23. Nh4 Be7 24. Nf5 Kf8 25. Na3 Rxd1 26. Rxd1 Rd8 27.
Rxd8+ Bxd8 28. Nc2 Bc8 29. g4 1/2-1/2

[Event "NM i sjakk for synshemmede (B)"]
[Site "Hurdal Syn og Mestringssenter"]
[Date "2026.04.30"]
[Round "3"]
[White "Øyan, Oddvar"]
[Black "Bolme, Magne O."]
[Result "1/2-1/2"]
[WhiteElo "1599"]
[BlackElo "1431"]
[PlyCount "53"]
[EventDate "2026.??.??"]

1. e4 e6 2. d4 d5 3. exd5 exd5 4. Nf3 Nf6 5. Bd3 Nc6 6. O-O Bd6 7. Re1+ Be7 8.
Nc3 O-O 9. Bg5 Bg4 10. Be2 Qd7 11. Ne5 Nxe5 12. dxe5 Bxe2 13. Rxe2 Ng4 14. Bxe7
Qxe7 15. Qxd5 c6 16. Qe4 Nh6 17. Rd1 Rad8 18. Rxd8 Rxd8 19. h3 Qd7 20. e6 fxe6
21. Qxe6+ Qxe6 22. Rxe6 Kf7 23. Re2 Nf5 24. Ne4 h6 25. g4 Nd4 26. Re3 Nxc2 27.
Rc3 1/2-1/2

[Event "NM i sjakk for synshemmede (C)"]
[Site "Hurdal Syn og Mestringssenter"]
[Date "2026.04.30"]
[Round "3"]
[White "Prytz, Otto"]
[Black "Henriksen, Gunnar-Øyvind"]
[Result "0-1"]
[WhiteElo "1489"]
[BlackElo "1629"]
[PlyCount "56"]
[EventDate "2026.??.??"]

1. d4 Nf6 2. c4 e5 3. Nc3 Bb4 4. Bg5 h6 5. Bh4 exd4 6. Qb3 Nc6 7. O-O-O dxc3 8.
bxc3 Be7 9. Nf3 Ne4 10. Bxe7 Qxe7 11. Rg1 Nc5 12. Qc2 Qe4 13. Qxe4+ Nxe4 14.
Kb2 Nxf2 15. Rd5 O-O 16. e3 Re8 17. Be2 Rxe3 18. Re1 Ne4 19. Bd1 Rxe1 20. Nxe1
d6 21. Bc2 Nc5 22. Nf3 Be6 23. h3 Bxd5 24. cxd5 Ne5 25. Nd4 a6 26. Nb3 Ned3+
27. Bxd3 Nxd3+ 28. Ka3 Re8 0-1

[Event "NM i sjakk for synshemmede (C)"]
[Site "Hurdal Syn og Mestringssenter"]
[Date "2026.04.30"]
[Round "3"]
[White "Øyan, Arild"]
[Black "Sandell, John"]
[Result "1-0"]
[WhiteElo "1465"]
[BlackElo "1490"]
[PlyCount "77"]
[EventDate "2026.??.??"]

1. c4 e5 2. Nc3 Nf6 3. e3 Bb4 4. Nf3 Nc6 5. a3 Ba5 6. b4 Bb6 7. Bb2 O-O 8. Nd5
Nxd5 9. cxd5 Ne7 10. Bc4 a5 11. Nxe5 axb4 12. axb4 Rxa1 13. Bxa1 d6 14. Nd3 Bf5
15. O-O Bxd3 16. Bxd3 Nxd5 17. Qh5 h6 18. Qxd5 Re8 19. Qxb7 Qb8 20. Qf3 c5 21.
Qf5 g6 22. Qf6 Kf8 23. Qg7+ Ke7 24. Bf6+ Ke6 25. Bc4+ d5 26. Bxd5+ Kxd5 27.
Qxf7+ Re6 28. e4+ Kd6 29. e5+ Rxe5 30. Bxe5+ Kxe5 31. Re1+ Kd4 32. Qd7+ Kc4 33.
Re4+ Kb3 34. Qd3+ Ka4 35. bxc5+ Ka5 36. cxb6 Kxb6 37. Rb4+ Kc7 38. Rxb8 Kxb8
39. Qd7 1-0

[Event "NM i sjakk for synshemmede (A)"]
[Site "Hurdal Syn og Mestringssenter"]
[Date "2026.05.02"]
[Round "4"]
[White "Paulsen, Dag"]
[Black "Strand, Magnus"]
[Result "1/2-1/2"]
[WhiteElo "1722"]
[BlackElo "1741"]
[PlyCount "73"]
[EventDate "2026.??.??"]

1. Nf3 Nc6 2. g3 b6 3. Bg2 Bb7 4. O-O Nf6 5. c4 e5 6. Nc3 d6 7. d4 Nxd4 8. Nxd4
Bxg2 9. Kxg2 exd4 10. Qxd4 Be7 11. Bf4 O-O 12. Rad1 Re8 13. b4 Qd7 14. c5 Qc6+
15. f3 dxc5 16. Qc4 Rad8 17. b5 Qb7 18. e4 Rxd1 19. Rxd1 Qc8 20. Nd5 Nxd5 21.
Rxd5 Rd8 22. Rf5 Rf8 23. h4 Qd7 24. Rd5 Qc8 25. h5 h6 26. Qd3 Rd8 27. g4 Rxd5
28. Qxd5 Qd8 29. Qxd8+ Bxd8 30. Kf1 f6 31. Ke2 Kf7 32. Kd3 Ke6 33. Kc4 Kd7 34.
Kd5 Be7 35. e5 fxe5 36. Bxe5 Bf6 37. f4 1/2-1/2

[Event "NM i sjakk for synshemmede (A)"]
[Site "Hurdal Syn og Mestringssenter"]
[Date "2026.05.02"]
[Round "4"]
[White "Vik, Olav"]
[Black "Norum, Per Ivar"]
[Result "1/2-1/2"]
[WhiteElo "1642"]
[BlackElo "1824"]
[PlyCount "53"]
[EventDate "2026.??.??"]

1. e4 c5 2. Nf3 Nc6 3. d4 cxd4 4. Nxd4 Nf6 5. Nc3 g6 6. Be2 Bg7 7. Be3 O-O 8.
O-O d5 9. exd5 Nxd5 10. Nxc6 bxc6 11. Nxd5 cxd5 12. c3 a5 13. Qd2 a4 14. Rad1
e6 15. c4 Bb7 16. cxd5 Qxd5 17. Bf3 Qxd2 18. Rxd2 Bxf3 19. gxf3 Rab8 20. Rb1
Rb7 21. b3 Rfb8 22. Rd3 h5 23. Bd2 Bf8 24. Bf4 Rc8 25. Rc1 Rxc1+ 26. Bxc1 axb3
27. axb3 1/2-1/2

[Event "NM i sjakk for synshemmede (B)"]
[Site "Hurdal Syn og Mestringssenter"]
[Date "2026.05.02"]
[Round "4"]
[White "Bolme, Magne O."]
[Black "Larssen, Johan"]
[Result "0-1"]
[WhiteElo "1431"]
[BlackElo "1584"]
[PlyCount "66"]
[EventDate "2026.??.??"]

1. e4 g6 2. d4 Bg7 3. Nf3 c6 4. Bc4 d5 5. exd5 cxd5 6. Bb3 Bg4 7. O-O Nf6 8.
Nbd2 Nc6 9. c3 a5 10. Ba4 Qc7 11. Qe1 Rb8 12. Ne5 Bf5 13. Ndf3 b5 14. Nxc6 Qxc6
15. Bd1 a4 16. Qe2 Nd7 17. Re1 e6 18. Bc2 Bxc2 19. Qxc2 O-O 20. Bf4 Rb7 21. Ne5
Nxe5 22. Bxe5 f6 23. Bg3 b4 24. Qe2 Re8 25. Rac1 Qc4 26. Qxc4 dxc4 27. d5 e5
28. Rc2 Rd8 29. Rd1 b3 30. axb3 cxb3 31. Re2 a3 32. Re4 axb2 33. f4 Ra7 0-1

[Event "NM i sjakk for synshemmede (B)"]
[Site "Hurdal Syn og Mestringssenter"]
[Date "2026.05.02"]
[Round "4"]
[White "Prytz, Tormod"]
[Black "Søvik, Christer Sogn"]
[Result "1/2-1/2"]
[WhiteElo "1567"]
[BlackElo "1431"]
[PlyCount "43"]
[EventDate "2026.??.??"]

1. e4 c5 2. Nf3 Nc6 3. d4 cxd4 4. Nxd4 Nxd4 5. Qxd4 d6 6. Nc3 a6 7. Be2 Nf6 8.
O-O g6 9. Bg5 Bg7 10. e5 dxe5 11. Qxe5 O-O 12. Qe3 b5 13. Rad1 Bd7 14. Bh6 Bxh6
15. Qxh6 Qc7 16. Rd2 Bc6 17. Bf3 Bxf3 18. gxf3 Rad8 19. Rfd1 Rxd2 20. Rxd2 Rd8
21. Kg2 Rxd2 22. Qxd2 1/2-1/2

[Event "NM i sjakk for synshemmede (B)"]
[Site "Hurdal Syn og Mestringssenter"]
[Date "2026.05.02"]
[Round "4"]
[White "Øyan, Oddvar"]
[Black "Viken, Ivar"]
[Result "1-0"]
[WhiteElo "1599"]
[BlackElo "1531"]
[PlyCount "47"]
[EventDate "2026.??.??"]

1. d4 d5 2. c4 c6 3. Nc3 Nf6 4. Nf3 Bf5 5. e3 e6 6. Be2 Bd6 7. c5 Bc7 8. O-O
O-O 9. Re1 Nbd7 10. Bd3 Bxd3 11. Qxd3 e5 12. dxe5 Nxe5 13. Nxe5 Bxe5 14. Qc2
Bxh2+ 15. Kxh2 Ng4+ 16. Kg1 Qh4 17. Kf1 Qh1+ 18. Ke2 Qxg2 19. Rf1 Rfe8 20. Qf5
Nh2 21. Re1 Re4 22. Nxe4 Qxe4 23. Bd2 Rd8 24. Rg1 1-0

[Event "NM i sjakk for synshemmede (C)"]
[Site "Hurdal Syn og Mestringssenter"]
[Date "2026.05.02"]
[Round "4"]
[White "Hansen, Camilla"]
[Black "Henriksen, Gunnar-Øyvind"]
[Result "0-1"]
[WhiteElo "1418"]
[BlackElo "1629"]
[PlyCount "30"]
[EventDate "2026.??.??"]

1. e4 e6 2. d4 d5 3. e5 c5 4. c3 Qb6 5. Qc2 cxd4 6. cxd4 Nc6 7. Nf3 Bd7 8. Qd2
Bb4 9. Nc3 Nge7 10. Bd3 Nxd4 11. Nxd4 Qxd4 12. Qe3 Bxc3+ 13. bxc3 Qxc3+ 14. Qd2
Qxe5+ 15. Be2 Qxa1 0-1

[Event "NM i sjakk for synshemmede (C)"]
[Site "Hurdal Syn og Mestringssenter"]
[Date "2026.05.02"]
[Round "4"]
[White "Sandell, John"]
[Black "Prytz, Otto"]
[Result "0-1"]
[WhiteElo "1490"]
[BlackElo "1489"]
[PlyCount "68"]
[EventDate "2026.??.??"]

1. e4 c5 2. Nf3 d6 3. d4 cxd4 4. Nxd4 Nf6 5. Bd3 e5 6. Bb5+ Bd7 7. Nc3 exd4 8.
Qxd4 Bxb5 9. Nxb5 Nc6 10. Qd3 Be7 11. Bg5 O-O 12. O-O a6 13. Nc3 Rc8 14. Rfe1
h6 15. Bf4 Nh5 16. Bd2 Bg5 17. Bxg5 Qxg5 18. Qe3 Nf4 19. Qg3 Qxg3 20. fxg3 Ne6
21. Nd5 Ned4 22. Rac1 Rfe8 23. c3 Ne6 24. Re2 Nb4 25. Rf2 Nd3 26. Rcf1 Nxf2 27.
Rxf2 Rc4 28. Re2 Ng5 29. Nb6 Rcxe4 30. Rxe4 Rxe4 31. h4 Re2 32. Kh2 Ne4 33. Kh3
Rxb2 34. Nd7 Rxa2 0-1

[Event "NM i sjakk for synshemmede (A)"]
[Site "Hurdal Syn og Mestringssenter"]
[Date "2026.05.02"]
[Round "5"]
[White "Andreassen, Petter"]
[Black "Paulsen, Dag"]
[Result "1-0"]
[WhiteElo "1954"]
[BlackElo "1722"]
[PlyCount "55"]
[EventDate "2026.??.??"]

1. b3 d5 2. Nf3 c5 3. Bb2 Nc6 4. e3 e6 5. g3 Nf6 6. Bg2 Be7 7. c4 O-O 8. d4
cxd4 9. Nxd4 Bb4+ 10. Nd2 Bd7 11. O-O Nxd4 12. Bxd4 Be7 13. Rc1 Bc6 14. Nf3
dxc4 15. bxc4 b6 16. Qe2 Qc7 17. Rfd1 Nd7 18. e4 e5 19. Ba1 f6 20. Nh4 Nc5 21.
Nf5 Rfe8 22. Rd5 Bxd5 23. exd5 Bd6 24. g4 e4 25. h4 Nd3 26. Rc2 Nf4 27. Qe3
Nxg2 28. Kxg2 1-0